|
|
|
|
| LEADER |
00000nam0a2200000 4500 |
| 001 |
320353 |
| 005 |
20231102003254.0 |
| 035 |
|
|
|a (RuTPU)RU\TPU\book\345884
|
| 090 |
|
|
|a 320353
|
| 100 |
|
|
|a 20160705d1969 km y0rusy50 ca
|
| 101 |
1 |
|
|a rus
|c eng
|
| 102 |
|
|
|a RU
|
| 105 |
|
|
|a a z 001zy
|
| 200 |
1 |
|
|a Химия илидов
|e пер. с англ.
|f А. Джонсон
|g под ред. Н. А. Несмеянова
|
| 210 |
|
|
|a Москва
|c Мир
|d 1969
|
| 215 |
|
|
|a 400 с.
|c черт.
|
| 320 |
|
|
|a Библиогр. в конце гл.
|
| 320 |
|
|
|a Предметный указатель: с. 392-397
|
| 606 |
1 |
|
|a Илиды
|x Химия
|2 stltpush
|3 (RuTPU)RU\TPU\subj\78581
|9 87854
|
| 610 |
1 |
|
|a фосфоновые соединения
|
| 610 |
1 |
|
|a фосфонивые илиды
|
| 610 |
1 |
|
|a строение
|
| 610 |
1 |
|
|a физические свойства
|
| 610 |
1 |
|
|a реакции
|
| 610 |
1 |
|
|a реакция Виттига
|
| 610 |
1 |
|
|a фосфонатные карбонионы
|
| 610 |
1 |
|
|a иминофосфараны
|
| 610 |
1 |
|
|a гетероатомы
|
| 610 |
1 |
|
|a диазосоединения
|
| 610 |
1 |
|
|a синтез
|
| 610 |
1 |
|
|a сульфониевые илиды
|
| 675 |
|
|
|a 547-1
|v 4
|
| 700 |
|
1 |
|a Джонсон
|b А.
|
| 702 |
|
1 |
|a Несмеянов
|b Н. А.
|4 340
|
| 801 |
|
1 |
|a RU
|b 63413507
|c 20160705
|
| 801 |
|
2 |
|a RU
|b 63413507
|c 20191223
|g RCR
|
| 942 |
|
|
|c BK
|